MARC details
| 000 -CABECERA |
| campo de control de longitud fija |
04052nam a2200493Ia 4500 |
| 001 - NÚMERO DE CONTROL |
| campo de control |
dia_4668 |
| 003 - IDENTIFICADOR DEL NÚMERO DE CONTROL |
| campo de control |
CHAP |
| 005 - FECHA Y HORA DE LA ÚLTIMA TRANSACCIÓN |
| campo de control |
20241217133035.0 |
| 007 - CAMPO FIJO DE DESCRIPCIÓN FÍSICA--INFORMACIÓN GENERAL |
| campo de control de longitud fija |
ta |
| 008 - DATOS DE LONGITUD FIJA--INFORMACIÓN GENERAL |
| campo de control de longitud fija |
220117s2010 mx bdoefrm 001 0 spa d |
| 010 ## - NÚMERO DE CONTROL DE LA BIBLIOTECA DEL CONGRESO |
| Número de control de LC |
175354 |
| 040 ## - FUENTE DE LA CATALOGACIÓN |
| Centro/agencia transcriptor |
CHAP |
| Centro catalogador/agencia de origen |
mxchpua |
| Normas de descripción |
rda |
| 041 0# - CÓDIGO DE LENGUA |
| Código de lengua del texto/banda sonora o título independiente |
spa |
| Código de lengua del sumario o resumen |
eng |
| 090 ## - LOCALMENTE ASIGNADO TIPO-LC NÚMERO DE CLASIFICACIÓN (OCLC); NÚMERO DE CLASIFICACIÓN LOCAL (RLIN) |
| Número de clasificación (OCLC) (R) ; Numero de clasificación, CALL (RLIN) (NR) |
Tesis |
| Número cutter local (OCLC) ; Número de libro/Signatura topográfica íntegra, CALL (RLIN) |
G372 |
| año |
2010 |
| 100 1# - ENTRADA PRINCIPAL--NOMBRE DE PERSONA |
| Nombre de persona |
García Osio, Francisco Xavier |
| 240 10 - TÍTULO UNIFORME |
| Título uniforme |
Installation of four hectares of greenhouse and one line of packing of bell pepper (Capsicum annuum L.) in ciudad Guzmán, Jalisco. |
| Lenguaje de la obra |
Español |
| 245 10 - MENCIÓN DE TÍTULO |
| Título |
Instalación de cuatro hectáreas de invernadero y una línea de empaque de chile pimiento (Capsicum annuum L.) en C.D. Guzmán Jalisco / |
| Mención de responsabilidad, etc. |
Francisco Xavier García Osio y Ivan Hernández Hernández |
| 264 ## - PRODUCCIÓN, PUBLICACIÓN, DISTRIBUCIÓN, FABRICACIÓN Y COPYRIGHT |
| Producción, publicación, distribución, fabricación y copyright |
Chapingo, México : |
| Nombre del de productor, editor, distribuidor, fabricante |
El autor, |
| Fecha de producción, publicación, distribución, fabricación o copyright |
2010 |
| 300 ## - DESCRIPCIÓN FÍSICA |
| Extensión |
vi, 94 hojas : |
| Otras características físicas |
mapas, gráficas, diagramas, tablas, fotos, planos |
| 336 ## - TIPO DE CONTENIDO |
| Fuente |
rdacontent |
| Término de tipo de contenido |
texto |
| Código de tipo de contenido |
txt |
| 337 ## - TIPO DE MEDIO |
| Fuente |
rdamedia |
| Nombre/término del tipo de medio |
no mediado |
| Código del tipo de medio |
n |
| 338 ## - TIPO DE SOPORTE |
| Fuente |
rdacarrier |
| Nombre/término del tipo de soporte |
volumen |
| Código del tipo de soporte |
nc |
| 502 ## - NOTA DE TESIS |
| Nota de tesis |
Tesis |
| Tipo de título |
(Ingeniero Agroindustrial) -- |
| Nombre de la institución que otorga el título |
UACh. Departamento de Ingenieria Agroindustrial, |
| Año de obtención del título |
2010 |
| 504 ## - NOTA DE BIBLIOGRAFÍA, ETC. |
| Nota de bibliografía, etc. |
Bibliografía: hojas 91-93 |
| 505 ## - NOTA DE CONTENIDO CON FORMATO |
| Nota de contenido con formato |
4 planos --<br/>1. Plano de distribución de áreas --<br/>2. Plano DTI --<br/>3. Plano de distribución de equipo --<br/>4. Plano de distribución de áreas 2 |
| 520 3# - SUMARIO, ETC. |
| Sumario, etc. |
El chile pimiento (Capsicum annuum L.) es uno de los principales productos de agricultura en el estado de Jalisco ocupando el segundo lugar después del jitomate (Lycopersicon esculentum Mill). Generalmente el pimiento se comercializa en fresco para consumo directo o como materia prima para la industria del pimenton, pastas, salsas etc. El objetivo del presente proyecto es verificar la viabilidad de la instalación de una unidad de producción de 40,000m2 de chile pimiento en invernadero así como el diseño de una línea de empaque del producto terminado. En el análisis financiero para la instalación de los invernadero y la línea de empaque se estimo un presupuesto de inversión inicial de $ 13, 841, 580.57, obteniéndose los siguientes razones financieras VAN=10, 175, 981.10, TIR=38.24%, B/C=1.34, TREMA=31, además no mostraron ser sensibles tanto para el aumento en los insumos así como el decremento en los ingresos. Lo anterior, indica viabilidad financiera para llevar a cabo el proyecto. -- |
| 520 3# - SUMARIO, ETC. |
| Sumario, etc. |
Bell pepper (Capsicum annuum L.) is a major agriculture products of the Jalisco state occupying second place after the tomato (Lycopersicon esculentum Mill). Usually their fresh fruits is sold ford direct consumption or as raw material for powder, sauces and other food industry. The objective of the present project is to verify the viability of the installation of a unit of production of 40,000m2 of bell pepper in greenhouse as well as the design of a line of packing of the finished product. In the financial analysis for the installation of the greenhouse and the line of packing estimates a budget of initial investment of $ 13, 841, 580, 57, obtaining the following financial reasons VAN=10, 175, 981, 10, TIR=38.24%, B/C=1.34, TREMA=31, in addition they as much did not show to be sensible for the increase in the consumptions as well as the decrement in the income. The previous thing indicates financial viability to carry out the project. |
| 650 13 - PUNTO DE ACCESO ADICIONAL DE MATERIA--TÉRMINO DE MATERIA |
| Término de materia o nombre geográfico como elemento de entrada |
Pimientos dulces |
| Subdivisión general |
Invernaderos |
| 650 13 - PUNTO DE ACCESO ADICIONAL DE MATERIA--TÉRMINO DE MATERIA |
| Término de materia o nombre geográfico como elemento de entrada |
Pimientos dulces |
| Subdivisión general |
Tecnología de almacenamiento |
| 650 13 - PUNTO DE ACCESO ADICIONAL DE MATERIA--TÉRMINO DE MATERIA |
| Término de materia o nombre geográfico como elemento de entrada |
Sweet peppers |
| Subdivisión general |
Greenhouses |
| 650 13 - PUNTO DE ACCESO ADICIONAL DE MATERIA--TÉRMINO DE MATERIA |
| Término de materia o nombre geográfico como elemento de entrada |
Sweet peppers |
| Subdivisión general |
Storage technology |
| 700 1# - PUNTO DE ACCESO ADICIONAL--NOMBRE DE PERSONA |
| Nombre de persona |
Hernández Hernández, Iván |
| Término indicativo de función/relación |
autor |
| 700 1# - PUNTO DE ACCESO ADICIONAL--NOMBRE DE PERSONA |
| Nombre de persona |
Ponce Hernández, Pedro |
| Término indicativo de función/relación |
director |
| 700 1# - PUNTO DE ACCESO ADICIONAL--NOMBRE DE PERSONA |
| Nombre de persona |
Espejel Zaragoza, José Alfredo |
| Término indicativo de función/relación |
asesor |
| 700 1# - PUNTO DE ACCESO ADICIONAL--NOMBRE DE PERSONA |
| Nombre de persona |
Santiago Pinelo, Raúl |
| Término indicativo de función/relación |
asesor |
| 856 41 - LOCALIZACIÓN Y ACCESO ELECTRÓNICOS |
| Identificador Uniforme del Recurso |
<a href="http://10.13.5.2/tesis/109941.pdf">http://10.13.5.2/tesis/109941.pdf</a> |
| Texto de enlace |
DESCARGAR PDF |
| 901 ## - ELEMENTOS DE DATOS A LOCAL LDA (RLIN) |
| a |
TESIS G372 2010 |
| 942 ## - ELEMENTOS DE PUNTO DE ACCESO ADICIONAL (KOHA) |
| Tipo de ítem Koha |
TESIS |
| Fuente del sistema de clasificación o colocación |
Clasificación Universidad Autónoma Chapingo |
| 902 ## - ELEMENTOS DE DATOS B LOCAL, LDB (RLIN) |
| a |
A |
| 905 ## - ELEMENTOS DE DATOS E LOCAL, LDE (RLIN) |
| a |
0000002010 MX A M 0000000000SPA00 |